Normal view
MARC view
- FLEG, H.G
Entry Personal Name
001 - CONTROL NUMBER
- control field: 80320
003 - CONTROL NUMBER IDENTIFIER
- control field: NUST
005 - DATE AND TIME OF LATEST TRANSACTION
- control field: 20210628210637.0
008 - FIXED-LENGTH DATA ELEMENTS
- fixed length control field: 210628|| aca||aabn | a|a d
040 ## - CATALOGING SOURCE
- Original cataloging agency: NUST
- Transcribing agency: NUST
100 ## - HEADING--PERSONAL NAME
- Personal name: FLEG, H.G
670 ## - SOURCE DATA FOUND
- Source citation: Work cat.: (NUST): FLEG, H.G, BOOLEAN ALGEBRA AND ITS APPLICATION INCLUDING BOOLAN MATRIX ALGEBRA, 1964
